01279 a2200193 45000010006000000050017000060080041000230030015000640400040000790800093001192450064002122640126002763000019004025050612004210410008010331000022010416500010010636500012010735540820260407155828.0260407a1973 arg spa dAR-UNSa-BCEJYS aAR-UNSa-BCEJYSbspacAR-UNSa-BCEJYS a339.92xCooperación económica internacional. Integración económica internacional10aMéxico y la integración económica de América Latina 1aBuenos Aires :bBID/INTAL (Banco Interamericano de Desarrollo. Instituto para la integración de América Latina)c1973 a313 p.c22 cm. a1. El marco sociopolítico y el proceso de decisión de la política económica en México - 2. Estructura y desarrollo de la economía de México - 3. México frente a la ALALC y los otros mecanismos latinoamericanos de integración económica - 4. Organización mexicana para la integración - 5. La política comercial de México - 6. México y la liberación del comercio internacional de la ALALC - 7. México y la cooperación financiera latinoamericana - 8. El comercio de México con la ALALC y Centroamérica - 9. Sector industrial - 10. Sector agropecuario; 11. Infraestructura aspa1 aKönig, Wolfgang aALALC a alalc